Fauda Characters - Statistics

General Stats
  • This quiz has been taken 104 times
  • The average score is 17 of 30
Answer Stats
First appearance Season 1 Answer % Correct
Main character Doron
98%
Member of the unit 3 Nurit
84%
Captain Ayub Gabi
81%
Member of the unit 5 Steve
80%
Trusted member of The Panther's team Walid
80%
Commander of the unit Moreno
78%
Doctor from Paris Shirin
77%
Wife of the main character Gali
75%
Member of the unit 1 Boaz
73%
"The Panther" Abu Ahmad
69%
Member of the unit 4 Avihai
69%
New member of the unit Sagi
69%
Member of the unit / commander from season 2 Eli
63%
Son of the main character Ido
59%
Son of the character above Bashar
55%
'El Makdessi' Nidal
53%
Member of the unit 2 Naor
52%
Girl hostage Yaara
50%
Season three's villain Abu Mohammed
45%
Head of Hamas Abu Samara
45%
Head of Palestinian Preventive Security Abu Maher
44%
'El Makdessi' brother Samir
44%
Girlfriend of Member of the unit 5 Anat
38%
Brother of The Panther Bashir
38%
Minister of Defense Gideon
34%
Released from prison at the beginning of season 3 Jihad
34%
Wife of The Panther Nasrin
34%
Head of the Gaza desk Hila
33%
Girlfriend of the character above Marwa
31%
Boy hostage Elad
25%
No matching quizzes found
Score Distribution
Percent of People with Each Score
Percentile by Number Answered
Your Score History
You have not taken this quiz